000 00291nam a2200121Ia 4500
008 190216s9999||||xx |||||||||||||| ||und||
100 _aAsish Boss
245 0 _aPopulation Statistics In India
260 _bVikas Publishing House
_c1978
300 _a445p
650 _aEconomics
942 _cBK
999 _c9543
_d9543